000 00727nam a2200289Ia 4500
005 20260324144414.0
008 008 260324s9999 xx 000 0 eng d
020 _a9781003557265
037 _aEBOOK
040 _aCRL
040 _beng
040 _cCRL
041 _2eng
041 _aeng
084 _qCRL
100 _aBernd Frohmann; John Slater
_91219201
245 4 _aThe Collected Papers of Bertrand Russell, Volume 9
245 0 _bEssays on Language, Mind and Matter, 1919-26
260 _bTaylor and Francis
260 _c1988
365 _a
365 _b450
856 _uhttp://www.taylorfrancis.com/books/9781003557265
942 _cEBOOK
999 _c1825777
_d1825777